<?xml version="1.0" encoding="UTF-8"?>
<collection xmlns="http://www.loc.gov/MARC21/slim">
<record>
  <controlfield tag="001">153692</controlfield>
  <controlfield tag="005">20260430141015.0</controlfield>
  <datafield tag="024" ind1="7" ind2=" ">
    <subfield code="2">doi</subfield>
    <subfield code="a">10.1007/s40279-025-02193-7</subfield>
  </datafield>
  <datafield tag="024" ind1="8" ind2=" ">
    <subfield code="2">sideral</subfield>
    <subfield code="a">143763</subfield>
  </datafield>
  <datafield tag="037" ind1=" " ind2=" ">
    <subfield code="a">ART-2025-143763</subfield>
  </datafield>
  <datafield tag="041" ind1=" " ind2=" ">
    <subfield code="a">eng</subfield>
  </datafield>
  <datafield tag="100" ind1=" " ind2=" ">
    <subfield code="a">James, Carl</subfield>
  </datafield>
  <datafield tag="245" ind1=" " ind2=" ">
    <subfield code="a">Thermal and biomechanical responses of amateur, elite and world cup athletes during a world cup sprint triathlon in the heat</subfield>
  </datafield>
  <datafield tag="260" ind1=" " ind2=" ">
    <subfield code="c">2025</subfield>
  </datafield>
  <datafield tag="506" ind1="0" ind2=" ">
    <subfield code="a">Access copy available to the general public</subfield>
    <subfield code="f">Unrestricted</subfield>
  </datafield>
  <datafield tag="520" ind1="3" ind2=" ">
    <subfield code="a">Objectives: Core temperature (TCORE), skin temperature (TTORSO) and running kinematics were measured across different athlete categories at a World Cup Sprint Triathlon, occurring during a heatwave (~ 25–31 °C Wet Bulb Globe Temperature [WBGT]).
Methods: Sixty-six triathletes participated: 21 World Cup (7 females), 32 Hong Kong-Elite (HK-Elite; 8 females) and 13 Amateur (6 females).
Results: Seventeen triathletes displayed a TCORE > 40.0 °C and two > 41.0 °C. Peak TCORE was not different between athlete categories (World Cup: 39.7 ± 0.6 °C; HK-Elite: 39.9 ± 0.8 °C; Amateur: 39.5 ± 0.8 °C; p = 0.357). However, there was an interaction between race phase and category (p = 0.001). Changes in TCORE for World Cup (2.4 ± 0.4 °C) and HK-Elite (2.5 ± 1.0 °C) were greater than for Amateurs (1.5 ± 0.7 °C). Peak TTORSO was higher in HK-Elites during afternoon races compared with morning World Cup races (p &lt; 0.001). TTORSO reduced during the swim (pbonf &lt; 0.001), then increased during the bike (pbonf &lt; 0.001) but not run (pbonf = 1.00). World Cup athletes (3.15 ± 0.23 m) displayed longer strides (HK-Elites: 2.64 ± 0.35 m; Amateurs: 2.18 ± 0.30 m; pbonf &lt; 0.001), shorter contact times (209.3 ± 13.7 ms; HK-Elites: 237.8 ± 23.0 ms; Amateurs: 262.9 ± 31.0 ms, pbonf &lt; 0.001) and higher stride frequency (182.9 ± 6.3 strides.min−1) than HK-Elites (173.9 ± 6.8 strides.min−1) and Amateurs (173.2 ± 8.7 strides.min−1, pbonf &lt; 0.001), which were comparable. There were no biomechanical changes over time and no interactions.
Conclusion: Different athlete categories displayed comparable peak TCORE responses. Amateur triathletes tolerated TCORE > 40.0 °C without heat illness symptoms. TCORE may rise > 41 °C during a sprint triathlon held under Blue flag conditions (~ 26 °C WBGT), questioning the suitability of sprint-distance triathlons as a safer alternative to Olympic-distance triathlons under Red/Black flag conditions (> 30.1 °C WBGT).</subfield>
  </datafield>
  <datafield tag="540" ind1=" " ind2=" ">
    <subfield code="9">info:eu-repo/semantics/openAccess</subfield>
    <subfield code="a">by</subfield>
    <subfield code="u">https://creativecommons.org/licenses/by/4.0/deed.es</subfield>
  </datafield>
  <datafield tag="655" ind1=" " ind2="4">
    <subfield code="a">info:eu-repo/semantics/article</subfield>
    <subfield code="v">info:eu-repo/semantics/publishedVersion</subfield>
  </datafield>
  <datafield tag="700" ind1=" " ind2=" ">
    <subfield code="a">Múñiz-Pardos, Borja</subfield>
    <subfield code="u">Universidad de Zaragoza</subfield>
    <subfield code="0">(orcid)0000-0002-9191-9033</subfield>
  </datafield>
  <datafield tag="700" ind1=" " ind2=" ">
    <subfield code="a">Ihsan, Mohammed</subfield>
  </datafield>
  <datafield tag="700" ind1=" " ind2=" ">
    <subfield code="a">Lo, Ka-Kay</subfield>
  </datafield>
  <datafield tag="700" ind1=" " ind2=" ">
    <subfield code="a">Lam, Wing-Kai</subfield>
  </datafield>
  <datafield tag="700" ind1=" " ind2=" ">
    <subfield code="a">Iglesias, Dani Peña</subfield>
  </datafield>
  <datafield tag="700" ind1=" " ind2=" ">
    <subfield code="a">Angeloudis, Konstantinos</subfield>
  </datafield>
  <datafield tag="700" ind1=" " ind2=" ">
    <subfield code="a">Teng, Yi</subfield>
  </datafield>
  <datafield tag="700" ind1=" " ind2=" ">
    <subfield code="a">Jiao, Jiao</subfield>
  </datafield>
  <datafield tag="700" ind1=" " ind2=" ">
    <subfield code="a">Hu, Ke</subfield>
  </datafield>
  <datafield tag="700" ind1=" " ind2=" ">
    <subfield code="a">Wong, KaKi</subfield>
  </datafield>
  <datafield tag="700" ind1=" " ind2=" ">
    <subfield code="a">Guppy, Fergus</subfield>
  </datafield>
  <datafield tag="700" ind1=" " ind2=" ">
    <subfield code="a">Racinais, Sébastien</subfield>
  </datafield>
  <datafield tag="700" ind1=" " ind2=" ">
    <subfield code="a">Chalmers, Samuel</subfield>
  </datafield>
  <datafield tag="700" ind1=" " ind2=" ">
    <subfield code="a">Migliorini, Sergio</subfield>
  </datafield>
  <datafield tag="700" ind1=" " ind2=" ">
    <subfield code="a">Wu, Kenneth</subfield>
  </datafield>
  <datafield tag="700" ind1=" " ind2=" ">
    <subfield code="a">Pitsiladis, Yannis</subfield>
  </datafield>
  <datafield tag="710" ind1="2" ind2=" ">
    <subfield code="1">1006</subfield>
    <subfield code="2">245</subfield>
    <subfield code="a">Universidad de Zaragoza</subfield>
    <subfield code="b">Dpto. Fisiatría y Enfermería</subfield>
    <subfield code="c">Área Educación Física y Depor.</subfield>
  </datafield>
  <datafield tag="773" ind1=" " ind2=" ">
    <subfield code="g">55 (2025), 1515-1526</subfield>
    <subfield code="p">Sports med.</subfield>
    <subfield code="t">SPORTS MEDICINE</subfield>
    <subfield code="x">0112-1642</subfield>
  </datafield>
  <datafield tag="856" ind1="4" ind2=" ">
    <subfield code="s">2165281</subfield>
    <subfield code="u">http://zaguan.unizar.es/record/153692/files/texto_completo.pdf</subfield>
    <subfield code="y">Versión publicada</subfield>
  </datafield>
  <datafield tag="856" ind1="4" ind2=" ">
    <subfield code="s">2514866</subfield>
    <subfield code="u">http://zaguan.unizar.es/record/153692/files/texto_completo.jpg?subformat=icon</subfield>
    <subfield code="x">icon</subfield>
    <subfield code="y">Versión publicada</subfield>
  </datafield>
  <datafield tag="909" ind1="C" ind2="O">
    <subfield code="o">oai:zaguan.unizar.es:153692</subfield>
    <subfield code="p">articulos</subfield>
    <subfield code="p">driver</subfield>
  </datafield>
  <datafield tag="951" ind1=" " ind2=" ">
    <subfield code="a">2026-04-30-14:05:37</subfield>
  </datafield>
  <datafield tag="980" ind1=" " ind2=" ">
    <subfield code="a">ARTICLE</subfield>
  </datafield>
</record>
</collection>